Online Catalogue and eLibrary

Politics of liberation (Record no. 709)

MARC details
000 -LEADER
fixed length control field 00482nam a2200193Ia 4500
005 - DATE AND TIME OF LATEST TRANSACTION
control field 20240627021026.0
008 - FIXED-LENGTH DATA ELEMENTS--GENERAL INFORMATION
fixed length control field 240331s9999 xx 000 0 und d
020 ## - INTERNATIONAL STANDARD BOOK NUMBER
ISBN 0415091276
082 ## - DDC Classification
Class No. 123.5
Item Number - Author Mark POL
245 #0 - TITLE STATEMENT
Title Politics of liberation
Remainder of title paths from freire
260 ## - PUBLICATION, DISTRIBUTION, ETC.
Place of publication, distribution, etc. London
Name of publisher, distributor, etc. Routledge
Date of publication, distribution, etc. 1994
300 ## - PHYSICAL DESCRIPTION
Extent (e.g. Volumes, Pages etc.) 229 p .,
650 ## - SUBJECT ADDED ENTRY--TOPICAL TERM
Topical term or geographic name entry element Sociology
650 ## - SUBJECT ADDED ENTRY--TOPICAL TERM
Topical term or geographic name entry element Education
650 ## - SUBJECT ADDED ENTRY--TOPICAL TERM
Topical term or geographic name entry element Politics
700 ## - ADDED ENTRY--PERSONAL NAME
Personal name Mclaren, L peter
Relator term (Role) Editor
700 ## - ADDED ENTRY--PERSONAL NAME
Personal name Lankshear, Colin
Relator term (Role) Editor
942 ## - Koha item type (Biblio)
Koha item type Books in Stacks (Lending)
Holdings
Lost status Damaged status Collection code Home library Current library Shelving location Date acquired Full call number Accession Number Item type
    Lending WERC Library WERC Library Social Science Cupboard 03/31/2024 123.5 POL 3966 Books in Stacks (Lending)

© WERC Library